| 000 | 00539nam a2200193 a 4500 | ||
|---|---|---|---|
| 005 | 20140311163002.0 | ||
| 008 | 020822s19uu xx 00 eng d | ||
| 016 | _20697270017 | ||
| 050 |
_aPN 4783 _b.M4 1996 |
||
| 100 | _aMencher, Melvin | ||
| 245 |
_aBasic media writing / _cMelvin Mencher. |
||
| 260 |
_aUnited States : _bTimes Mirror Higher Education Group Inc., _c1996. |
||
| 300 |
_a488 p. : _bill. ; _c23 cm. |
||
| 650 | _aJournalism | ||
| 650 | _aWriting | ||
| 650 | _aMass media | ||
| 942 |
_cBK _2lcc _kFOR |
||
| 999 |
_c39227 _d39227 |
||